Statistics for Natural biomaterials

Click here to take the quiz!

General Stats

  • This quiz has been taken 2 times
  • The average score is 7 of 15

Answer Stats

HintAnswer% Correct
Sulfated polysaccharides; obtained from red seaweedCarrageenan
100%
Obtained from crustacean shellsChitosan
100%
Most abundant extracellular matrix proteinCollagen
100%
Derived from pigs, cows or fish; a denatured proteinGelatin
100%
Obtained from silkworms; degummed to obtain this biomaterialSilk fibroin
100%
Most abundant plasma proteinAlbumin
50%
Major component of plant cell wallCellulose
50%
Long fibrous protein involved in blood clottingFibrin
50%
Heteropolysaccharide present in plant cell wall; often used as gelling agents and stabilizers in foodPectin
50%
Obtained from red seaweedAgarose
0%
Sulfated glycosaminoglycan; found in cartilagesChondroitin sulphate
0%
Obtained from bacterial cultures in glucose; bacterial exopolysaccharideDextran
0%
Present in eyes, joints, and skin; gives skin a hydrated lookHyaluronic acid
0%
Glycoprotein; major component of basement membranesLaminin
0%
Obtained from brown algaeSodium alginate
0%

Score Distribution

Percentile by Number Answered

Percent of People with Each Score

Your Score History

You have not taken this quiz